Mio figlio è (quasi) un adolescente (Record n. 336733)
[ formato base ]
| 000 -LEADER | |
|---|---|
| campo di controllo lung. fissa | nam a22 7a 4500 |
| 003 - Identificatore del numero di controllo | |
| campo di controllo | IT-MiCISF |
| 005 - Data e orario dell'ultima transazione | |
| campo di controllo | 20170629154537.0 |
| 008 - Elementi di lunghezza fissa--Informazione generale | |
| campo di controllo lung. fissa | 170629b xxu||||| |||| 00| 0 eng d |
| 040 ## - Fonte della catalogazione | |
| Agenzia catalografica originale | IT-MiCISF |
| Agenzia che fa la trascrizione | IT-MiCISF |
| 041 ## - Codice di lingua | |
| Codice di lingua del testo/traccia sonora o titolo separato | it |
| 100 ## - Accesso principale -- nome di persona | |
| Nome di persona | Crotti Evi |
| 9 (RLIN) | 56531 |
| 245 ## - Formulazione del titolo | |
| Titolo | Mio figlio è (quasi) un adolescente |
| Complemento del titolo | Conoscere i bisogni e le difficoltà |
| 260 ## - Pubblicazione, distribuzione, ecc. (stampa) | |
| Luogo di pubblicazione, distribuzione, ecc. | Milano |
| Nome dell'editore, distributore, ecc. | Edizioni Red |
| Data di pubblicazione, distribuzione, ecc. | 2007 |
| 300 ## - Descrizione fisica | |
| Estensione | pp. 142 |
| 500 ## - Nota generale | |
| Nota generale | adolescenza, preadolescenza, educazione, pubertà, psicoanalisi, identità-sessuale, rapporti-genitori-figli |
| 520 ## - Riassunto, ecc. | |
| Nota di riassunto, ecc. | Nell'adolescenza si verificano decisivi cambiamenti nel corpo e nella psiche del ragazzo, che acquisisce nuove capacità cognitive e affettive per la conquista di una propria definitiva autonomia e per l'identificazione della propria personalità. In quel momento delicatissimo possono sorgere complessi d'inferiorità, sensi di colpa, timidezze, dubbi esistenziali che rendono difficili i rapporti con genitori, fratelli, coetanei, insegnanti.<br/>Questo volume è una guida rivolta a genitori ed educatori per comprendere il mondo degli adolescenti attraverso l'analisi grafologica: grazie a questa sorta di manualetto i genitori potranno conoscere i bisogni e le difficoltà del proprio figlio, analizzando la sua scrittura. |
| 650 ## - Accesso aggiunto di soggetto--termine topico | |
| Termine topico o nome geografico come accesso | età-evolutiva |
| 9 (RLIN) | 56123 |
| 654 ## - Accesso aggiunto di soggetto--termini topici faccettati | |
| Termine principale | saggio |
| 700 ## - Accesso aggiunto--nome di persona | |
| Nome di persona | Magni Alberto |
| 9 (RLIN) | 56532 |
| 942 ## - Dati aggiuntivi (Koha) | |
| Fonte della classificazione o dello schema di collocazione (segnatura) | Dewey Decimal Classification |
| Tipo copia default (Koha) | LIBRO |
| Ritirato (status) | Perso (status) | Fonte della classificazione o dello schema di collocazione (segnatura) | Danneggiato (status) | Non per il presito | Biblioteca proprietaria | Biblioteca in cui si trova | Data d'acquisizione | Totale prestiti | Collocazione | Codice a barre | Data ultima operazione | Prezzo in vigore dal | Tipo copia default (Koha) |
|---|---|---|---|---|---|---|---|---|---|---|---|---|---|
| Dewey Decimal Classification | Buone Condizioni | Not For Loan | CISF - Milano | CISF - Milano | 29/06/2017 | b7356 | 9788874475377 | 29/06/2017 | 29/06/2017 | LIBRO |